000 00581nam a2200205 a 4500
001 000015
003 BD-ChCU
005 20230204155812.0
008 140701s2009 aii b 002 0 eng
020 _a9788173815546
040 _aDLC
_cDLC
_dBD-ChCU
082 0 0 _a571.2/C545p
100 1 _aChoudhuri, M. Acharyya
_cGupta, K.K.
245 1 0 _aPractical Plant Physiology
_c
_cM. Acharyya Choudhuri.
260 _aKalkata, India
_cNew Central book Agency..
_c2009
300 _a225p
504 _aIncludes index Bibliography.
650 0 _aPlant Physiology, Botany
942 _2ddc
_cBK
999 _c15
_d15